000 00468nam a2200181Ia 4500
008 230524s9999 xx 000 0 und d
020 _a9788131723685
082 _a457.42
_bHOR
100 _aC.T.Horngreen
245 0 _aCost Accounting : A Managerial Emphasis
250 _a11TH
260 _aNEW DELHI
_bPHI
_c2004
300 _aXVI;849
500 _aQuantity Number: 37
650 _aManagement
700 _a" Srikant M. Datar, Foster ,etal.,,"
942 _cBK
999 _c6615
_d6615